Catálogo de documentos-carta de la colección Porfirio Díaz : septiembre a octubre de 1886 /
Catálogo de la correspondencia recibida y emitida por el presidente mexicano Porfirio Díaz entre septiembre y octubre de 1886. Los documentos aquí referidos están custodiados en la colección Porfirio Díaz de la Biblioteca Francisco Xavier Clavijero de la Universidad Iberoamericana de la ciudad de Mé...
Enregistré dans:
| Collectivité auteur: | |
|---|---|
| Autres auteurs: | |
| Format: | Livre |
| Langue: | espagnol |
| Publié: |
México :
Universidad Iberoamericana, Plantel Santa Fe, Biblioteca Francisco Xavier Clavigero,
2005, c2005
|
| Collection: | (Serie CDP ;
31) |
| Sujets: | |
| Tags: |
Pas de tags, Soyez le premier à ajouter un tag!
|
MARC
| LEADER | 00000nam^a2200000^a^4500 | ||
|---|---|---|---|
| 001 | 000181896 | ||
| 005 | 20250521000000.0 | ||
| 009 | 20260310101946.99 | ||
| 037 | |a Acervo ITESO - Biblioteca | ||
| 041 | |a ESP | ||
| 082 | |a 027. 072532 |b UNI UIA CPD-dc V. 31 | ||
| 110 | |a Universidad Iberoamericana. |b Plantel Santa Fe. Biblioteca | ||
| 240 | 1 | 1 | |a [Catálogo de documentos-carta de la colección Porfirio Díaz] |
| 245 | 1 | 0 | |a Catálogo de documentos-carta de la colección Porfirio Díaz : |b septiembre a octubre de 1886 / |c L.A. Cue Bellota... [et al.]. |
| 264 | 4 | |a México : |b Universidad Iberoamericana, Plantel Santa Fe, Biblioteca Francisco Xavier Clavigero, |c 2005, c2005 | |
| 300 | |a XIV, 127 p. | ||
| 336 | |a texto |b txt |2 rdacontenido | ||
| 337 | |a sin mediación |b n |2 rdamedio | ||
| 338 | |a volumen |b nc |2 rdasoporte | ||
| 440 | 1 | |a (Serie CDP ; |v 31) | |
| 520 | |a Catálogo de la correspondencia recibida y emitida por el presidente mexicano Porfirio Díaz entre septiembre y octubre de 1886. Los documentos aquí referidos están custodiados en la colección Porfirio Díaz de la Biblioteca Francisco Xavier Clavijero de la Universidad Iberoamericana de la ciudad de México. Cada uno de las fichas incluidas contiene, además de los datos de codificación y descripción física del documento, el registro del autor, destinatario, lugar y fecha y síntesis del documento. Este tomo corresponde a septiembre-octubre de 1886, meses en que se destacan la persecución de García de la Cadena, en Zacatecas; la gavilla de Mauricio Cruz, en Tamaulipas y la inconformidad de los hermanos Carrera en Oaxaca. | ||
| 649 | |a XX | ||
| 650 | |a Jefes de Estado Mexicanos | ||
| 650 | |a Políticos Mexicanos | ||
| 650 | |a Cartas Mexicanas - |x Catálogos | ||
| 650 | |a Manuscritos - |z México - |x Catálogos | ||
| 650 | |a Catálogos de Archivos - |z México (Ciudad) | ||
| 650 | |a Archivos - |z México (Ciudad) | ||
| 650 | |a Catálogos de Bibliotecas - |z México (Ciudad) | ||
| 650 | |a Bibliotecas Universitarias - |x Colecciones Especiales - |x Tema Principal | ||
| 650 | |a Bibliotecas Universitarias - |z México (Ciudad) | ||
| 650 | |a Bibliotecas Universitarias - |z México | ||
| 650 | |a Catalogación | ||
| 650 | |a Clasificación Bibliográfica | ||
| 650 | |a Biblioteconomía | ||
| 650 | |a Universidad Iberoamericana - |z México (Ciudad) | ||
| 650 | |a Política - |z México - |x Historia - |y Porfirismo, 1876-1911 | ||
| 650 | |a Política - |z México - |x Historia - |y República Liberal, 1867-1911 | ||
| 650 | |a Política - |z México - |x Historia - |y Siglo XIX | ||
| 650 | |a México - |x Historia - |x Documentos | ||
| 650 | |a México - |x Historia - |y Porfirismo, 1876-1911 | ||
| 650 | |a México - |x Historia - |y República Liberal, 1867-1911 | ||
| 650 | |a México - |x Historia - |y Siglo XIX | ||
| 650 | |a Díaz, Porfirio | ||
| 700 | |a Cue Bellota, Luis Angel |e (autor) | ||
| 910 | |a Fondo General | ||
| 920 | |a Impresos - Libros | ||
| 930 | |a Obras de Referencia | ||
| 940 | |a Biblioteconomía | ||
| 905 | |a 102 | ||
| 901 | |a 0500121612 |b IT2 |c REF |u 20250521 | ||
| 902 | |a https://opac.biblio.iteso.mx/vufind/Record/000181896 | ||